Words Starting With K - Statistics

General Stats
  • This quiz has been taken 48 times
  • The average score is 21 of 30
Answer Stats
Hint Answer % Correct
lip to lip contact Kiss
96%
opens door Key
93%
baby cats Kitten
93%
used to cut things Knife
93%
a children Kid
91%
an Australian marsupial Kangaroo
89%
ruler of the empire King
89%
where you make food Kitchen
89%
traditional Scottish clothes Kilt
87%
martial arts Karate
84%
an Australian marsupial Koala
84%
respectful Kind
82%
a flightless bird Kiwi
82%
similar to canoe Kayak
80%
where dogs sleep Kennel
80%
soars in the air Kite
76%
used to make Pesto Kale
73%
orca Killer Whale
73%
a fish commonly found in gardens Koi
73%
used to make tea Kettle
71%
a small toy that lets you see through several lens Kaleidoscope
67%
piano Keyboard
67%
a unit of measurement Kilogram
62%
underwater plants Kelp
58%
martial arts Kung Fu
40%
an instrument children use Kazoo
36%
a bird Kingfisher
29%
an Australian bird Kookaburra
27%
a food eaten with Sushi Kimchi
20%
a New Zealand parrot Kakapo
4%
No matching quizzes found
Score Distribution
Percent of People with Each Score
Percentile by Number Answered
Your Score History
You have not taken this quiz